[Event "TNT June op"]
[Site "Winnipeg CAN"]
[Date "2003.06.10"]
[Round "2"]
[White "Taylor, Evan"]
[Black "Greenberg, Harley"]
[Result "0-1"]
[WhiteElo "1420"]
[BlackElo "1870"]
[PlyCount "60"]
[EventDate "2003.06.03"]
[EventType "swiss"]
[EventRounds "4"]
[EventCountry "CAN"]
[Source "ChessBase"]
[SourceDate "2003.11.25"]

1. e4 c5 2. Nf3 Nc6 3. d4 cxd4 4. Nxd4 Nf6 5. Nc3 e5 6. Ndb5 d6 7. Bg5 a6 8.
Na3 b5 9. Nd5 Be7 10. Bxf6 Bxf6 11. c3 O-O 12. h4 g6 13. Ne3 b4 14. Nac2 bxc3
15. bxc3 Be6 16. Qf3 Rb8 17. g4 Bg7 18. Qg3 Rb2 19. Rg1 Rxa2 20. Rxa2 Bxa2 21.
Kd2 d5 22. exd5 Bxd5 23. Kc1 Be6 24. Bxa6 Qa5 25. Nf5 Bxf5 26. gxf5 Bh6+ 27.
Kd1 Qxa6 28. h5 Rd8+ 29. Ke1 Bd2+ 30. Kd1 Bf4+ 0-1

[Event "TNT June op"]
[Site "Winnipeg CAN"]
[Date "2003.06.10"]
[Round "2"]
[White "Van Wyk, Joseph"]
[Black "Lipnowski, Samuel"]
[Result "0-1"]
[WhiteElo "1909"]
[BlackElo "2136"]
[PlyCount "86"]
[EventDate "2003.06.03"]
[EventType "swiss"]
[EventRounds "4"]
[EventCountry "CAN"]
[Source "ChessBase"]
[SourceDate "2003.11.25"]

1. e4 c5 2. Nc3 Nc6 3. g3 g6 4. Bg2 Bg7 5. Nge2 Rb8 6. d3 b5 7. Bf4 e5 8. Be3
d6 9. O-O Nge7 10. f4 Nd4 11. fxe5 dxe5 12. Bg5 Be6 13. Nd5 Bxd5 14. exd5 h6
15. Bxe7 Qxe7 16. Nxd4 cxd4 17. Rf2 O-O 18. Qg4 Kh7 19. Re1 f5 20. Qxd4 Qd6 21.
Qe3 a5 22. a3 Rbc8 23. c3 Rfe8 24. Qa7 Ra8 25. Qb7 Rab8 26. Qc6 Rb6 27. Qxe8 b4
28. axb4 axb4 29. cxb4 Qxb4 30. Rc1 Qd4 31. Rc8 h5 32. Rc6 Rxc6 33. dxc6 e4 34.
dxe4 Qe3 35. exf5 Qxe8 36. f6 Bf8 37. Kf1 Qe3 38. Re2 Qc1+ 39. Kf2 Bc5+ 40. Kf3
Qc4 41. Re7+ Kh6 42. Bh3 Bxe7 43. fxe7 Qxc6+ 0-1

[Event "TNT March op"]
[Site "Winnipeg CAN"]
[Date "2003.03.04"]
[Round "1"]
[White "Clory, Ron"]
[Black "Khedkar, Jay"]
[Result "0-1"]
[WhiteElo "1548"]
[BlackElo "1938"]
[PlyCount "90"]
[EventDate "2003.03.04"]
[EventType "swiss"]
[EventRounds "4"]
[EventCountry "CAN"]
[Source "ChessBase"]
[SourceDate "2003.11.25"]

1. Nf3 Nf6 2. g3 d5 3. d3 c5 4. Bg2 Nc6 5. O-O e6 6. Nbd2 Be7 7. Re1 O-O 8. e4
dxe4 9. Nxe4 Nd5 10. a3 h6 11. Bd2 f5 12. Nc3 Bf6 13. Nxd5 exd5 14. c3 Re8 15.
Rxe8+ Qxe8 16. Qe1 Be6 17. Rb1 Qf7 18. Qc1 Re8 19. b4 cxb4 20. axb4 g5 21. Ne1
Qh5 22. Qd1 g4 23. f4 Qf7 24. d4 Ne7 25. Nd3 Ng6 26. Ne5 Bxe5 27. fxe5 f4 28.
gxf4 Nxf4 29. Bxf4 Qxf4 30. Qf1 Qe3+ 31. Kh1 Rf8 32. Qe1 Qg5 33. Rb2 h5 34. Rf2
Rxf2 35. Qxf2 h4 36. Qf6 Qxf6 37. exf6 Kf7 38. Bf1 Kxf6 39. Kg2 Kg5 40. Kf2 Kf4
41. Bd3 g3+ 42. hxg3+ hxg3+ 43. Kg2 Bg4 44. Bf1 Bf3+ 45. Kh3 g2 0-1

[Event "TNT March op"]
[Site "Winnipeg CAN"]
[Date "2003.03.04"]
[Round "1"]
[White "Kwiatek, Jordan"]
[Black "Katcher, Jeff"]
[Result "1-0"]
[WhiteElo "1729"]
[BlackElo "1286"]
[PlyCount "27"]
[EventDate "2003.03.04"]
[EventType "swiss"]
[EventRounds "4"]
[EventCountry "CAN"]
[Source "ChessBase"]
[SourceDate "2003.11.25"]

1. Nf3 d5 2. d4 g6 3. c4 Bg7 4. cxd5 Qxd5 5. Nc3 Qa5 6. Bd2 c6 7. e4 e6 8. Bd3
Qb6 9. Qa4 Ne7 10. O-O O-O 11. Rfc1 Bd7 12. Ne5 Qxb2 13. Bg5 c5 14. Nxd7 1-0

[Event "TNT March op"]
[Site "Winnipeg CAN"]
[Date "2003.03.04"]
[Round "1"]
[White "Nikouline, Alexandre"]
[Black "Anderson, George"]
[Result "1-0"]
[WhiteElo "2068"]
[BlackElo "1535"]
[PlyCount "63"]
[EventDate "2003.03.04"]
[EventType "swiss"]
[EventRounds "4"]
[EventCountry "CAN"]
[Source "ChessBase"]
[SourceDate "2003.11.25"]

1. e4 e6 2. d4 d5 3. e5 Bd7 4. Nf3 c5 5. c3 Qb6 6. Bd3 Bb5 7. O-O Bxd3 8. Qxd3
Nd7 9. Qe2 Ne7 10. Be3 Nf5 11. g4 Nxe3 12. fxe3 Be7 13. Ne1 Rf8 14. Nd3 O-O-O
15. a4 f6 16. a5 Qc7 17. Nf4 Qc6 18. exf6 gxf6 19. b4 cxb4 20. cxb4 a6 21. Na3
Kb8 22. b5 axb5 23. Rfc1 Qa6 24. Qxb5 Qxb5 25. Nxb5 Rg8 26. h3 f5 27. Nxe6 Rde8
28. Nbc7 fxg4 29. Nxe8 gxh3+ 30. N6g7 Nf6 31. a6 Nxe8 32. a7+ 1-0

[Event "TNT March op"]
[Site "Winnipeg CAN"]
[Date "2003.03.04"]
[Round "1"]
[White "Reimer, Bruce"]
[Black "Proulx, Roy"]
[Result "0-1"]
[WhiteElo "1318"]
[BlackElo "1752"]
[PlyCount "106"]
[EventDate "2003.03.04"]
[EventType "swiss"]
[EventRounds "4"]
[EventCountry "CAN"]
[Source "ChessBase"]
[SourceDate "2003.11.25"]

1. c4 Nf6 2. g3 c5 3. Bg2 Nc6 4. Nc3 g6 5. b3 Bg7 6. Bb2 O-O 7. e4 d6 8. Nge2
Nd4 9. O-O e5 10. Nxd4 exd4 11. Nd5 Nxd5 12. exd5 f5 13. f4 Bd7 14. d3 Qf6 15.
Qd2 Rae8 16. Rae1 b6 17. b4 Rf7 18. Rxe8+ Bxe8 19. Re1 Re7 20. bxc5 dxc5 21.
Re2 Bf7 22. Qe1 Rxe2 23. Qxe2 g5 24. Bc1 g4 25. h3 h5 26. hxg4 hxg4 27. a4 Kf8
28. Bd2 a5 29. Qe1 Qe7 30. Qd1 Be8 31. Bf1 Bd7 32. Qb3 Qd6 33. Be2 Bf6 34. Bf1
Bd8 35. Be2 Qe7 36. Bd1 Bc7 37. Kf2 Qe8 38. Kg1 Qh5 39. Be1 Qe8 40. Bf2 Qg6 41.
Kf1 Qh6 42. Kg1 Ke8 43. Qc2 Kd8 44. Qb3 Kc8 45. Qc2 Kb7 46. Qb3 Qh3 47. Qc2
Bxf4 48. gxf4 g3 49. Be1 Bxa4 50. Qg2 Qxg2+ 51. Kxg2 Bxd1 52. Bd2 Bc2 53. Kxg3
Bxd3 0-1

[Event "TNT March op"]
[Site "Winnipeg CAN"]
[Date "2003.03.04"]
[Round "1"]
[White "Van Wyk, Joseph"]
[Black "Kohalmi, Andy"]
[Result "1-0"]
[WhiteElo "1914"]
[BlackElo "1506"]
[PlyCount "75"]
[EventDate "2003.03.04"]
[EventType "swiss"]
[EventRounds "4"]
[EventCountry "CAN"]
[Source "ChessBase"]
[SourceDate "2003.11.25"]

1. e4 c5 2. Nf3 Nc6 3. Bc4 e6 4. Nc3 a6 5. a4 Qc7 6. O-O Nf6 7. d4 cxd4 8. Nxd4
Bb4 9. Nde2 O-O 10. Bg5 Be7 11. Qd2 d6 12. Rad1 Rd8 13. Kh1 Ne5 14. Bb3 h6 15.
Bf4 b6 16. f3 Bb7 17. Qe3 Rab8 18. g4 g5 19. Bg3 Rd7 20. h4 Nh7 21. hxg5 hxg5
22. Bxe5 dxe5 23. Rxd7 Qxd7 24. Qxb6 Rc8 25. Rd1 Qc6 26. Qxc6 Bxc6 27. Nc1 Nf8
28. Kg2 Kg7 29. Nd3 f6 30. Kf2 Kf7 31. Ne2 Ng6 32. Ng3 Rd8 33. Nf5 Bf8 34.
Nxe5+ fxe5 35. Rxd8 Bc5+ 36. Ke1 Nh4 37. Rc8 Nxf3+ 38. Ke2 1-0

[Event "TNT March op"]
[Site "Winnipeg CAN"]
[Date "2003.03.04"]
[Round "1"]
[White "Wasney, Mark"]
[Black "Lipnowski, Samuel"]
[Result "0-1"]
[WhiteElo "1674"]
[BlackElo "2076"]
[PlyCount "68"]
[EventDate "2003.03.04"]
[EventType "swiss"]
[EventRounds "4"]
[EventCountry "CAN"]
[Source "ChessBase"]
[SourceDate "2003.11.25"]

1. d4 Nf6 2. Nf3 d5 3. Bg5 Ne4 4. Bh4 c5 5. e3 Qb6 6. b3 Qb4+ 7. c3 Qa5 8. Qc2
Nc6 9. Bd3 Bf5 10. O-O Bg6 11. a3 e6 12. c4 cxd4 13. cxd5 exd5 14. Nxd4 Nxd4
15. exd4 Be7 16. Bxe7 Kxe7 17. f3 Nd6 18. b4 Bxd3 19. Qxd3 Qb5 20. Re1+ Kd7 21.
Qb3 Qc4 22. Qd1 Rhe8 23. Re5 f6 24. Rh5 Re7 25. h3 g6 26. Rh4 Nf5 27. Nd2 Qd3
28. Rg4 Ne3 29. Qa4+ b5 30. Nb3 Ke8 31. Qa6 Nxg4 32. hxg4 Kf7 33. Rc1 Qxb3 34.
Qd6 Qe3+ 0-1

[Event "TNT March op"]
[Site "Winnipeg CAN"]
[Date "2003.03.04"]
[Round "1"]
[White "Zaczek, Jonathan"]
[Black "Czarny, Keith"]
[Result "1-0"]
[WhiteElo "1504"]
[BlackElo "1657"]
[PlyCount "33"]
[EventDate "2003.03.04"]
[EventType "swiss"]
[EventRounds "4"]
[EventCountry "CAN"]
[Source "ChessBase"]
[SourceDate "2003.11.25"]

1. e4 e6 2. d4 d5 3. Nc3 Bb4 4. a3 Bxc3+ 5. bxc3 Ne7 6. Bd3 O-O 7. e5 Nd7 8.
Nf3 c5 9. Bxh7+ Kh8 10. Ng5 g6 11. Bxg6 fxg6 12. Nxe6 Qe8 13. Nxf8 Qxf8 14. O-O
Nf5 15. Re1 Qg7 16. Bg5 Nf8 17. Bf6 1-0

[Event "TNT March op"]
[Site "Winnipeg CAN"]
[Date "2003.03.11"]
[Round "2"]
[White "Czarny, Keith"]
[Black "Reimer, Bruce"]
[Result "1/2-1/2"]
[WhiteElo "1657"]
[BlackElo "1318"]
[PlyCount "136"]
[EventDate "2003.03.04"]
[EventType "swiss"]
[EventRounds "4"]
[EventCountry "CAN"]
[Source "ChessBase"]
[SourceDate "2003.11.25"]

1. Nf3 d6 2. g3 Nf6 3. Bg2 g6 4. O-O Bg7 5. c4 c5 6. Nc3 O-O 7. d4 Qc7 8. Nb5
Qb6 9. dxc5 dxc5 10. Bf4 a6 11. Bc7 Qe6 12. Nc3 Ne8 13. Nd5 Nf6 14. Ng5 Qd7 15.
Bh3 e6 16. Bxb8 Rxb8 17. Qb3 Nxd5 18. cxd5 Qxd5 19. Qxd5 exd5 20. Rab1 h6 21.
Bxc8 Rbxc8 22. Nf3 Rfd8 23. e3 b5 24. Rfd1 f5 25. b3 d4 26. Rbc1 dxe3 27. fxe3
Rxd1+ 28. Rxd1 c4 29. bxc4 bxc4 30. Rc1 c3 31. Rc2 Rb8 32. Ne1 Rb2 33. Kf2
Rxc2+ 34. Nxc2 Kf7 35. Ke2 Ke6 36. Kd3 Kd5 37. Nb4+ Kc5 38. Nxa6+ Kb5 39. Nc7+
Kb4 40. Nd5+ Ka3 41. Kc2 Kxa2 42. Ne7 Ka3 43. Nxg6 Kb4 44. Nh4 h5 45. Nxf5 Bh8
46. h3 Kc5 47. g4 hxg4 48. hxg4 Kd5 49. g5 Ke6 50. Ng3 Kf7 51. Ne4 Kg6 52. Nd6
Bg7 53. Ne8 Be5 54. Nf6 Kxg5 55. Ne4+ Kf5 56. Nxc3 Bxc3 57. Kxc3 Ke4 58. Kd2
Ke5 59. Kd3 Kd5 60. e4+ Ke5 61. Ke3 Ke6 62. Kf4 Kf6 63. e5+ Ke7 64. Kf5 Kf7 65.
e6+ Ke8 66. Ke5 Ke7 67. Kd5 Ke8 68. Kd6 Kd8 1/2-1/2

[Event "TNT March op"]
[Site "Winnipeg CAN"]
[Date "2003.03.11"]
[Round "2"]
[White "Gibbons, Lorne"]
[Black "Anderson, Collin"]
[Result "0-1"]
[WhiteElo "1353"]
[BlackElo "1685"]
[PlyCount "51"]
[EventDate "2003.03.04"]
[EventType "swiss"]
[EventRounds "4"]
[EventCountry "CAN"]
[Source "ChessBase"]
[SourceDate "2003.11.25"]

1. d4 Nf6 2. c4 e6 3. Nc3 Bb4 4. Qc2 O-O 5. Bf4 b6 6. e3 c5 7. dxc5 bxc5 8.
O-O-O Bxc3 9. Qxc3 Ne4 10. Qc2 f5 11. f3 Nf6 12. Bd6 Rf7 13. Bxc5 Na6 14. Ba3
Bb7 15. Kb1 Qa5 16. Qd2 Qb6 17. b4 d5 18. c5 Nxc5 19. Qd4 Na4 20. b5 Qxd4 21.
Rxd4 Nb6 22. Rb4 Rc7 23. Bd3 Rac8 24. Ne2 Nc4 25. Bxc4 dxc4 26. Rc1 0-1

[Event "TNT March op"]
[Site "Winnipeg CAN"]
[Date "2003.03.11"]
[Round "2"]
[White "Greenberg, Harley"]
[Black "Zaczek, Jonathan"]
[Result "1-0"]
[WhiteElo "1766"]
[BlackElo "1504"]
[PlyCount "65"]
[EventDate "2003.03.04"]
[EventType "swiss"]
[EventRounds "4"]
[EventCountry "CAN"]
[Source "ChessBase"]
[SourceDate "2003.11.25"]

1. d4 Nf6 2. c4 e6 3. Nc3 Bb4 4. e3 O-O 5. Bd3 Bxc3+ 6. bxc3 d5 7. Nf3 Nbd7 8.
O-O b6 9. Qc2 h6 10. cxd5 exd5 11. Bb2 Bb7 12. Rac1 Rc8 13. Rfd1 Re8 14. c4
dxc4 15. Bxc4 Bxf3 16. gxf3 Nd5 17. Qf5 N7f6 18. Kh1 Ne7 19. Qh3 Qd7 20. Qg2
Nfd5 21. Rg1 Ng6 22. h4 h5 23. Kh2 Kf8 24. Qg5 Nf6 25. Ba3+ c5 26. dxc5 bxc5
27. Bxc5+ Rxc5 28. Qxc5+ Qe7 29. Bb5 Nxh4 30. Kg3 Nf5+ 31. Qxf5 h4+ 32. Kh3 Rd8
33. Rc8 1-0

[Event "TNT March op"]
[Site "Winnipeg CAN"]
[Date "2003.03.11"]
[Round "2"]
[White "Katcher, Jeff"]
[Black "Clory, Ron"]
[Result "0-1"]
[WhiteElo "1286"]
[BlackElo "1548"]
[PlyCount "54"]
[EventDate "2003.03.04"]
[EventType "swiss"]
[EventRounds "4"]
[EventCountry "CAN"]
[Source "ChessBase"]
[SourceDate "2003.11.25"]

1. e4 d6 2. d4 g6 3. Nf3 Bg7 4. Be3 Nf6 5. Nc3 O-O 6. Qd2 c6 7. O-O-O b5 8. Bh6
b4 9. Bxg7 Kxg7 10. Ne2 Nxe4 11. Qe3 d5 12. h4 h5 13. Nd2 Nd6 14. f3 a5 15. g4
hxg4 16. h5 Rh8 17. h6+ Kh7 18. f4 Nf5 19. Qf2 Nd7 20. Bg2 Nf6 21. Ng3 Nxg3 22.
Qxg3 Bf5 23. Nf1 Nh5 24. Qh4 e6 25. Qf2 Qc7 26. Qh4 Qxf4+ 27. Kb1 Qxh6 0-1

[Event "TNT March op"]
[Site "Winnipeg CAN"]
[Date "2003.03.11"]
[Round "2"]
[White "Khedkar, Jay"]
[Black "Kwiatek, Jordan"]
[Result "1/2-1/2"]
[WhiteElo "1938"]
[BlackElo "1729"]
[PlyCount "45"]
[EventDate "2003.03.04"]
[EventType "swiss"]
[EventRounds "4"]
[EventCountry "CAN"]
[Source "ChessBase"]
[SourceDate "2003.11.25"]

1. e4 e6 2. d4 d5 3. Nd2 Nf6 4. e5 Nfd7 5. Bd3 c5 6. c3 Nc6 7. Ne2 Qb6 8. Nf3
cxd4 9. cxd4 f6 10. Nf4 fxe5 11. Nxe5 Ncxe5 12. dxe5 Bb4+ 13. Bd2 Bxd2+ 14.
Qxd2 O-O 15. O-O Nxe5 16. Rae1 Nxd3 17. Nxd3 Bd7 18. Re3 Bb5 19. Rfe1 Bxd3 20.
Rxd3 Rac8 21. Rb3 Qc6 22. Qd4 b6 23. Rg3 1/2-1/2

[Event "TNT March op"]
[Site "Winnipeg CAN"]
[Date "2003.03.11"]
[Round "2"]
[White "Kohalmi, Andy"]
[Black "Wasney, Mark"]
[Result "0-1"]
[WhiteElo "1506"]
[BlackElo "1674"]
[PlyCount "76"]
[EventDate "2003.03.04"]
[EventType "swiss"]
[EventRounds "4"]
[EventCountry "CAN"]
[Source "ChessBase"]
[SourceDate "2003.11.25"]

1. d4 d5 2. c4 c6 3. e3 Nf6 4. Nc3 a6 5. Nf3 e6 6. Qc2 Bd6 7. Be2 O-O 8. e4
dxe4 9. Nxe4 Bb4+ 10. Ned2 b5 11. O-O Nbd7 12. a3 Be7 13. c5 Qc7 14. Qc3 Nd5
15. Qc2 e5 16. b4 a5 17. Bb2 axb4 18. dxe5 bxa3 19. Bd4 f6 20. Bd3 Nxe5 21.
Bxe5 fxe5 22. Bxh7+ Kh8 23. Rfe1 Bf6 24. Qe4 Ra4 25. Qg6 Qf7 26. Qxf7 Rxf7 27.
Bg6 Re7 28. Bc2 Ra8 29. Ne4 Bf5 30. Bb3 Bxe4 31. Rxe4 Nc3 32. Re3 e4 33. Rae1
b4 34. Nd4 Bg5 35. Rh3+ Bh6 36. Nxc6 Rc7 37. Nxb4 Rxc5 38. Rc1 Ne2+ 0-1

[Event "TNT March op"]
[Site "Winnipeg CAN"]
[Date "2003.03.11"]
[Round "2"]
[White "Lipnowski, Samuel"]
[Black "Proulx, Roy"]
[Result "1-0"]
[WhiteElo "2076"]
[BlackElo "1752"]
[PlyCount "88"]
[EventDate "2003.03.04"]
[EventType "swiss"]
[EventRounds "4"]
[EventCountry "CAN"]
[Source "ChessBase"]
[SourceDate "2003.11.25"]

1. c4 e6 2. Nf3 Nf6 3. g3 d5 4. Bg2 c6 5. b3 Bd6 6. O-O Nbd7 7. Bb2 O-O 8. d3
e5 9. Nbd2 Re8 10. e4 Nf8 11. Qc2 Bd7 12. Rae1 Ng6 13. Re2 Rc8 14. Rfe1 d4 15.
c5 Bb8 16. b4 b5 17. a4 a6 18. Nb3 Bc7 19. Ra1 Be6 20. Bc1 h6 21. Qb1 Qd7 22.
Rea2 Rb8 23. axb5 Rxb5 24. Ra4 Reb8 25. Bd2 a5 26. Nxa5 Rxc5 27. bxc5 Rxb1+ 28.
Rxb1 Bxa5 29. Rxa5 Bg4 30. Rb6 Qe6 31. Raa6 Ne7 32. Rb7 Kh7 33. Ba5 Nd7 34.
Raa7 Qa2 35. h3 Bxf3 36. Bxf3 Nxc5 37. Be1 Qc2 38. Rxe7 Nxd3 39. Rxf7 Qc1 40.
Bg4 Qxe1+ 41. Kh2 Nxf2 42. Rxg7+ Kh8 43. Rh7+ Kg8 44. Be6+ Kf8 1-0

[Event "TNT March op"]
[Site "Winnipeg CAN"]
[Date "2003.03.11"]
[Round "2"]
[White "Rutter, Blair"]
[Black "Van Wyk, Joseph"]
[Result "0-1"]
[WhiteElo "1703"]
[BlackElo "1914"]
[PlyCount "78"]
[EventDate "2003.03.04"]
[EventType "swiss"]
[EventRounds "4"]
[EventCountry "CAN"]
[Source "ChessBase"]
[SourceDate "2003.11.25"]

1. d4 d5 2. c4 e6 3. a3 Nc6 4. Nc3 a6 5. Nf3 dxc4 6. e4 b5 7. a4 b4 8. Na2 Na5
9. Rb1 Bb7 10. Qe2 Nf6 11. Bg5 h6 12. Bxf6 Qxf6 13. Qe3 Rd8 14. Be2 Qg6 15. O-O
Qxe4 16. Rbc1 Qxe3 17. fxe3 c5 18. Ne5 cxd4 19. Rxf7 Bd6 20. Bh5 Bxe5 21. Rcf1
Bf6 22. R7xf6+ Kd7 23. Rf7+ Kc8 24. exd4 b3 25. Nc3 Rxd4 26. R1f2 Rg8 27. h3 e5
28. R7f5 Nc6 29. Bg4 Kb8 30. Rf7 e4 31. Be6 Re8 32. Bd5 e3 33. Re2 Rxd5 34.
Nxd5 Nd4 35. Rxe3 Rxe3 36. Nxe3 c3 37. bxc3 b2 38. Rf1 Ne2+ 39. Kh2 Nc1 0-1

[Event "TNT March op"]
[Site "Winnipeg CAN"]
[Date "2003.03.18"]
[Round "3"]
[White "Clory, Ron"]
[Black "Rutter, Blair"]
[Result "1-0"]
[WhiteElo "1548"]
[BlackElo "1703"]
[PlyCount "135"]
[EventDate "2003.03.04"]
[EventType "swiss"]
[EventRounds "4"]
[EventCountry "CAN"]
[Source "ChessBase"]
[SourceDate "2003.11.25"]

1. Nf3 d5 2. g3 c5 3. d3 Nc6 4. Bg2 Nf6 5. O-O Bg4 6. h3 Bh5 7. Nbd2 e6 8. c4
Be7 9. cxd5 exd5 10. a3 O-O 11. Re1 Rc8 12. e4 d4 13. Nf1 Re8 14. g4 Bg6 15.
Nh4 Nd7 16. Nxg6 fxg6 17. f4 Rf8 18. Nh2 h6 19. Rf1 Qc7 20. Nf3 b6 21. Qe2 Nd8
22. f5 g5 23. e5 Re8 24. e6 Bf6 25. Bd2 Nf8 26. Rae1 Qe7 27. Ne5 Qd6 28. Nc4
Qe7 29. Qf3 Nc6 30. Qd5 Red8 31. Qe4 Re8 32. Re2 Qd8 33. Be1 b5 34. Nd2 Ne7 35.
Bg3 Qb6 36. Bf2 Nc6 37. Nf3 Re7 38. Bg3 Rd8 39. Nxg5 Bxg5 40. Qxc6 Qxc6 41.
Bxc6 a6 42. Bf4 Bh4 43. Bh2 Nh7 44. Kg2 Bf6 45. Be5 Bh4 46. Bg3 Bf6 47. Rc1 c4
48. Be4 Ng5 49. dxc4 d3 50. Bxd3 Rxd3 51. c5 Re8 52. c6 Be7 53. c7 Rc8 54. Rc6
Kf8 55. Rb6 Rxg3+ 56. Kxg3 Re8 57. Rb8 Bd6+ 58. Kg2 Bxc7 59. Rxe8+ Kxe8 60. h4
Nh7 61. Rd2 Nf6 62. Rc2 Be5 63. Kh3 Ke7 64. Rc6 a5 65. b3 Nd5 66. Rc5 Kd6 67.
Rxd5+ Kxd5 68. e7 1-0

[Event "TNT March op"]
[Site "Winnipeg CAN"]
[Date "2003.03.18"]
[Round "3"]
[White "Czarny, Keith"]
[Black "Kohalmi, Andy"]
[Result "1-0"]
[WhiteElo "1657"]
[BlackElo "1506"]
[PlyCount "49"]
[EventDate "2003.03.04"]
[EventType "swiss"]
[EventRounds "4"]
[EventCountry "CAN"]
[Source "ChessBase"]
[SourceDate "2003.11.25"]

1. Nf3 Nf6 2. g3 e6 3. Bg2 d5 4. O-O c5 5. b3 Be7 6. Bb2 Nc6 7. d4 O-O 8. Nbd2
Rb8 9. c4 dxc4 10. Nxc4 Qc7 11. Qc1 cxd4 12. Nxd4 Nxd4 13. Bxd4 Ra8 14. Be5 Qc5
15. Qb2 a5 16. Rfc1 Ng4 17. Bd4 Bf6 18. Bxc5 Bxb2 19. Nxb2 Re8 20. h3 Nf6 21.
Nc4 Nd5 22. Nb6 Nxb6 23. Bxb6 Ra6 24. Be3 Rd8 25. Rxc8 1-0

[Event "TNT March op"]
[Site "Winnipeg CAN"]
[Date "2003.03.18"]
[Round "3"]
[White "Greenberg, Harley"]
[Black "Khedkar, Jay"]
[Result "1/2-1/2"]
[WhiteElo "1766"]
[BlackElo "1938"]
[PlyCount "61"]
[EventDate "2003.03.04"]
[EventType "swiss"]
[EventRounds "4"]
[EventCountry "CAN"]
[Source "ChessBase"]
[SourceDate "2003.11.25"]

1. d4 Nf6 2. Nf3 g6 3. c4 Bg7 4. Nc3 O-O 5. e4 d6 6. Be2 Nbd7 7. O-O c6 8. h3
a6 9. e5 Ne8 10. e6 fxe6 11. Re1 Ndf6 12. Ng5 Nc7 13. h4 e5 14. dxe5 dxe5 15.
Qb3 h6 16. Nf3 Ng4 17. Bd2 Kh7 18. Rad1 Qe8 19. Ne4 Ne6 20. Nfg5+ Nxg5 21. hxg5
Bf5 22. Bxg4 Bxg4 23. f3 Bf5 24. gxh6 Bxh6 25. Bxh6 Kxh6 26. Qe3+ Kg7 27. Ng5
Qb8 28. Qc5 Qa7 29. Qxa7 Rxa7 30. Rxe5 Kf6 31. f4 1/2-1/2

[Event "TNT March op"]
[Site "Winnipeg CAN"]
[Date "2003.03.18"]
[Round "3"]
[White "Kwiatek, Jordan"]
[Black "Nikouline, Alexandre"]
[Result "0-1"]
[WhiteElo "1729"]
[BlackElo "2068"]
[PlyCount "74"]
[EventDate "2003.03.04"]
[EventType "swiss"]
[EventRounds "4"]
[EventCountry "CAN"]
[Source "ChessBase"]
[SourceDate "2003.11.25"]

1. Nf3 Nf6 2. c4 g6 3. g3 c5 4. d4 cxd4 5. Nxd4 Bg7 6. Bg2 O-O 7. Nc3 Qc7 8.
Qd3 a6 9. b3 Nc6 10. O-O Nb4 11. Qd2 d5 12. Nxd5 Nfxd5 13. cxd5 Nxd5 14. Bb2
Rd8 15. Rac1 Qb6 16. Rfd1 Nb4 17. Qe3 Be6 18. Nxe6 Qxe3 19. fxe3 Rxd1+ 20. Rxd1
Bxb2 21. Bxb7 Rb8 22. Rd8+ Rxd8 23. Nxd8 Nxa2 24. Bxa6 Nb4 25. Bc4 e6 26. Nb7
Nc2 27. Kf2 Ba3 28. Kf3 Kf8 29. Na5 Bc5 30. e4 Nd4+ 31. Kf4 Ke7 32. Nb7 Bb4 33.
Kg5 Nc6 34. Bb5 Ne5 35. h3 Bd2+ 36. Kh4 Kf6 37. e3 Bxe3 0-1

[Event "TNT March op"]
[Site "Winnipeg CAN"]
[Date "2003.03.18"]
[Round "3"]
[White "Van Wyk, Joseph"]
[Black "Lipnowski, Samuel"]
[Result "0-1"]
[WhiteElo "1914"]
[BlackElo "2076"]
[PlyCount "79"]
[EventDate "2003.03.04"]
[EventType "swiss"]
[EventRounds "4"]
[EventCountry "CAN"]
[Source "ChessBase"]
[SourceDate "2003.11.25"]

1. e4 c5 2. Nf3 e6 3. d4 cxd4 4. Nxd4 a6 5. g3 b5 6. Bg2 Bb7 7. Be3 Nf6 8. Nd2
h5 9. Bg5 Qb6 10. N4b3 Ng4 11. Qe2 f6 12. Bf4 e5 13. Be3 Nxe3 14. fxe3 a5 15.
a4 bxa4 16. Rxa4 Bb4 17. c3 Ba6 18. Qf3 Bb5 19. Ra1 Be7 20. Nc1 Nc6 21. Ne2 Bc5
22. c4 Ba6 23. Kf2 Qxb2 24. Rhd1 Qb6 25. Rab1 Nb4 26. Nc3 h4 27. Bh3 O-O-O 28.
Nb3 hxg3+ 29. Qxg3 Bxe3+ 30. Kg2 Bb7 31. c5 Bxc5 32. Nxc5 Qxc5 33. Rbc1 Bc6 34.
Nd5 Qb5 35. Qe3 Kb7 36. Rc5 Qa4 37. Ra1 Nxd5 38. exd5 Qxa1 39. dxc6+ dxc6 40.
Qb3+ 0-1

[Event "TNT March op"]
[Site "Winnipeg CAN"]
[Date "2003.03.18"]
[Round "3"]
[White "Wasney, Mark"]
[Black "Anderson, George"]
[Result "1-0"]
[WhiteElo "1674"]
[BlackElo "1535"]
[PlyCount "85"]
[EventDate "2003.03.04"]
[EventType "swiss"]
[EventRounds "4"]
[EventCountry "CAN"]
[Source "ChessBase"]
[SourceDate "2003.11.25"]

1. d4 b5 2. e4 Bb7 3. f3 b4 4. Bd3 e6 5. Ne2 c5 6. Be3 Qc7 7. c3 c4 8. Bc2 a5
9. O-O Nc6 10. Bf4 Bd6 11. e5 Be7 12. Bg3 g5 13. Nd2 Nd8 14. Ne4 h5 15. f4 h4
16. Bf2 g4 17. Qd2 f5 18. exf6 Nxf6 19. Nxf6+ Bxf6 20. Bg6+ Nf7 21. f5 Qc6 22.
d5 Qxd5 23. Qxd5 Bxd5 24. fxe6 dxe6 25. Bc5 Bf3 26. Bxf7+ Kxf7 27. gxf3 g3 28.
hxg3 hxg3 29. Nxg3 Rag8 30. Bf2 Rh3 31. Kg2 Rgh8 32. Rh1 Rxh1 33. Nxh1 bxc3 34.
bxc3 Bxc3 35. Rc1 Bb4 36. Rxc4 Rg8+ 37. Ng3 Rd8 38. Ne4 Rd1 39. Ng5+ Ke7 40.
Rc2 Rd2 41. Rxd2 Bxd2 42. Bc5+ Kf6 43. Ne4+ 1-0

[Event "TNT March op"]
[Site "Winnipeg CAN"]
[Date "2003.03.18"]
[Round "3"]
[White "Zaczek, Jonathan"]
[Black "Reimer, Bruce"]
[Result "1-0"]
[WhiteElo "1504"]
[BlackElo "1318"]
[PlyCount "89"]
[EventDate "2003.03.04"]
[EventType "swiss"]
[EventRounds "4"]
[EventCountry "CAN"]
[Source "ChessBase"]
[SourceDate "2003.11.25"]

1. e4 d6 2. d4 Nf6 3. Nc3 g6 4. Be3 Bg7 5. Qd2 c6 6. O-O-O b5 7. d5 b4 8. Nb1
Qa5 9. f3 Qxa2 10. Qxb4 a5 11. Qe1 cxd5 12. Nc3 Qa1+ 13. Kd2 Qxb2 14. Rb1 Qa3
15. Rb3 Qxb3 16. cxb3 dxe4 17. fxe4 O-O 18. Bg5 Rd8 19. Bc4 h6 20. Bxf6 Bxf6
21. Nf3 e6 22. Qe3 Kg7 23. Rd1 Nc6 24. Ke2 Bb7 25. Nb5 Be7 26. e5 d5 27. Bd3
Nb4 28. Nbd4 Bc5 29. Qf4 Be7 30. Bb1 Rdc8 31. Kf2 a4 32. bxa4 Rxa4 33. Rc1 Ra2+
34. Kg1 Ra1 35. Nb3 Ra3 36. Rxc8 Bxc8 37. Nbd4 Bd7 38. Qc1 Na6 39. h3 Ba4 40.
Kh2 Ra1 41. Qb2 Ra3 42. Qb7 Ra1 43. Qxa6 Rxb1 44. Qxa4 Bc5 45. Qc2 1-0

[Event "TNT March op"]
[Site "Winnipeg CAN"]
[Date "2003.03.25"]
[Round "4"]
[White "Anderson, Collin"]
[Black "Van Wyk, Joseph"]
[Result "0-1"]
[WhiteElo "1685"]
[BlackElo "1914"]
[PlyCount "49"]
[EventDate "2003.03.04"]
[EventType "swiss"]
[EventRounds "4"]
[EventCountry "CAN"]
[Source "ChessBase"]
[SourceDate "2003.11.25"]

1. d4 d5 2. c4 e6 3. Nc3 c5 4. cxd5 cxd4 5. Qxd4 Nc6 6. Qd1 exd5 7. Qxd5 Bd7 8.
e4 Nf6 9. Qd1 Bc5 10. h3 Qb6 11. Be3 Bxe3 12. fxe3 Qxe3+ 13. Qe2 Qg3+ 14. Qf2
Qg6 15. O-O-O O-O 16. Nf3 Nxe4 17. Nxe4 Qxe4 18. Bd3 Qf4+ 19. Kb1 Nb4 20. Ka1
Bf5 21. g3 Nxd3 22. Rxd3 Qh6 23. Rd4 Rac8 24. Nd2 Qc6 25. Re1 0-1